Vol. 2; IFOST 2012

Bibliografiske detaljer
Parent link:IFOST 2012: The 7th International Forum on Strategic Techology, September 17-21, 2012, Tomsk/ National Research Tomsk Polytechnic University (TPU). Vol. 2.— , 2012.— 978-1-4673-1770-2
Summary:Copyright and Reprint Permission: Abstracting is permitted with credit to the source. Libraries are permitted to photocopy beyond the limit of U.S. copyright law for private use of patrons those articles in this volume that carry a code at the bottom of the first page, provided the per-copy fee indicated in the code is paid through Copyright Clearance Center, 222 Rosewood Drive, Danvers, MA 01923. For other copying, reprint or republication permission, write to IEEE Copyrights Manager, IEEE Operations Center, 445 Hoes Lane, Piscataway, NJ 08854. All rights reserved. Copyright ©2012 by IEEE.
Sprog:engelsk
Udgivet: 2012
Fag:
Format: MixedMaterials Bog
KOHA link:https://koha.lib.tpu.ru/cgi-bin/koha/opac-detail.pl?biblionumber=247842

MARC

LEADER 00000nam2a2200000 4500
001 247842
005 20231101232332.0
035 |a (RuTPU)RU\TPU\book\269459 
035 |a RU\TPU\book\269458 
090 |a 247842 
100 |a 20140115d2012 k y0engy50 ba 
101 0 |a eng 
102 |a RU 
105 |a a z 101zy 
200 0 |a Vol. 2 
210 |d 2012 
215 |a 627 p.  |c il. 
320 |a Bibliography at the end of the reports. 
330 |a Copyright and Reprint Permission: Abstracting is permitted with credit to the source. Libraries are permitted to photocopy beyond the limit of U.S. copyright law for private use of patrons those articles in this volume that carry a code at the bottom of the first page, provided the per-copy fee indicated in the code is paid through Copyright Clearance Center, 222 Rosewood Drive, Danvers, MA 01923. For other copying, reprint or republication permission, write to IEEE Copyrights Manager, IEEE Operations Center, 445 Hoes Lane, Piscataway, NJ 08854. All rights reserved. Copyright ©2012 by IEEE. 
461 1 |0 (RuTPU)RU\TPU\book\270770  |y 978-1-4673-1770-2  |t IFOST 2012  |o The 7th International Forum on Strategic Techology, September 17-21, 2012, Tomsk  |f National Research Tomsk Polytechnic University (TPU)  |v Vol. 2  |d 2012 
606 1 |a Техника  |2 stltpush  |3 (RuTPU)RU\TPU\subj\60019  |9 77509 
610 1 |a технические науки 
610 1 |a технологии 
610 1 |a ядерные технологии 
610 1 |a наноматериалы 
610 1 |a химические технологии 
610 1 |a исследование 
610 1 |a производство 
610 1 |a труды учёных ТПУ 
610 1 |a конференции 
610 1 |a английский язык 
675 |a 62(063)  |v 3 
801 1 |a RU  |b 63413507  |c 20131212 
801 2 |a RU  |b 63413507  |c 20140129  |g RCR 
942 |c BK